000 00327nam a2200121Ia 4500
008 220217s9999||||xx |||||||||||||| ||und||
082 _a894.814 3 LAN
100 _aLankesh, P
245 0 _aHuli Mavina Mara: ondhu athma kathana
260 _aLankesh Pathrike
_bBangalore
_c2004
300 _b200
650 _aGENERAL BOOKS
999 _c175237
_d175237